Đất máu Sicily = The Scilian

Đất máu Sicily dựng nên một thế giới chằng chịt những âm mưu và thù hận, bạo lực sinh bạo lực, phản trắc sinh phản trắc. Ở trung tâm của thế giới ấy là thủ lĩnh băng cướp Turi Guiliano được khắc họa đầy lãng mạn như một chiến binh, m...

Celý popis

Uloženo v:
Podrobná bibliografie
Hlavní autor: Puzo, Mario
Další autoři: Đăng Thư (Dịch)
Médium: Kniha
Jazyk:Vietnamese
Vydáno: H. Văn học 2016
Témata:
Tagy: Přidat tag
Žádné tagy, Buďte první, kdo otaguje tento záznam!
Thư viện lưu trữ: Thư viện Trường Đại học Nam Cần Thơ
LEADER 01264nam a22002177a 4500
001 NCT_69893
008 190914b xxu||||| |||| 00| 0 vie d
999 |c 3392  |d 3392 
020 |a 9786046989684  |c 120000 
082 0 4 |2 23rd ed.  |a 813  |b P994 
100 1 |a Puzo, Mario 
245 1 0 |a Đất máu Sicily =  |b The Scilian  |c Mario Puzo ; Đăng Thư (dịch) 
260 |a H.  |b Văn học  |c 2016 
300 |a 485 tr.  |c 21cm 
500 |a Dịch từ nguyên bản tiếng Anh 
520 3 |a Đất máu Sicily dựng nên một thế giới chằng chịt những âm mưu và thù hận, bạo lực sinh bạo lực, phản trắc sinh phản trắc. Ở trung tâm của thế giới ấy là thủ lĩnh băng cướp Turi Guiliano được khắc họa đầy lãng mạn như một chiến binh, một người tình, và trên hết là một người Sicily từ trong máu thịt.  
653 |a Sách tham khảo 
700 0 |a Đăng Thư  |e Dịch 
942 |2 ddc  |c BK 
952 |0 0  |1 0  |2 ddc  |4 0  |6 813_000000000000000_P994  |7 0  |9 17908  |a 000001  |b 000001  |d 2019-09-14  |o 813 P994  |p TK.00564  |r 2019-09-14  |v 120000.00  |w 2019-09-14  |y BK 
980 |a Thư viện Trường Đại học Nam Cần Thơ